Medzinárodný marketingový mix vybraného podniku bakalárska práca

Na minha lista:
Detalhes bibliográficos
Autor principal: Vláčilová, Monika
Autor Corporativo: Fakulta podnikového manažmentu EU. Katedra manažmentu
Outros Autores: Procházková, Katarína, 1983-
Formato: Livro
Idioma:eslovaco
Publicado em: Bratislava 2020
Tags: Adicionar Tag
Sem tags, seja o primeiro a adicionar uma tag!

MARC

LEADER 00000nbm a2200000 4500
001 0266011
005 20201127100532.1
041 0 |a slo 
044 |a SK 
245 1 0 |a Medzinárodný marketingový mix vybraného podniku  |b bakalárska práca  |c Monika Vláčilová ; školiteľ: Katarína Procházková 
264 1 |a Bratislava  |c 2020 
300 |a 51 s. 
100 1 |a Vláčilová, Monika 
700 1 |a Procházková, Katarína, 1983- 
710 2 |a Fakulta podnikového manažmentu EU. Katedra manažmentu